Understanding basics of library and Information science: (Record no. 155660)

MARC details
000 -LEADER
fixed length control field 00653nam a22002177a 4500
003 - CONTROL NUMBER IDENTIFIER
control field dpl
005 - DATE AND TIME OF LATEST TRANSACTION
control field 20180910160523.0
008 - FIXED-LENGTH DATA ELEMENTS--GENERAL INFORMATION
fixed length control field 180808b xxu||||| |||| 00| 0 eng d
010 ## - LIBRARY OF CONGRESS CONTROL NUMBER
LC control number B-220072
020 ## - INTERNATIONAL STANDARD BOOK NUMBER
International Standard Book Number 8170004330
Terms of availability 550.00
035 ## - SYSTEM CONTROL NUMBER
System control number B-220072
040 ## - CATALOGING SOURCE
Original cataloging agency dpl
Language of cataloging ENG
Transcribing agency 0
082 ## - DEWEY DECIMAL CLASSIFICATION NUMBER
Classification number 025.4
Item number LAL
100 ## - MAIN ENTRY--PERSONAL NAME
Personal name Lal,c
245 ## - TITLE STATEMENT
Title Understanding basics of library and Information science:
Statement of responsibility, etc by C.Lal & K.Kumar
Remainder of title for b.lib.sc examinations /
260 ## - PUBLICATION, DISTRIBUTION, ETC. (IMPRINT)
Place of publication, distribution, etc New Delhi
Name of publisher, distributor, etc Ess ess publication
270 ## - ADDRESS
Address 4837/24,Ansari road
City New Delhi
Country 110002
300 ## - PHYSICAL DESCRIPTION
Extent 85p.:
Dimensions 22cm
700 ## - ADDED ENTRY--PERSONAL NAME
Personal name Kumar,K
942 ## - ADDED ENTRY ELEMENTS (KOHA)
Source of classification or shelving scheme Dewey Decimal Classification
Koha item type English Books
Classification part 025.4
Call number suffix LAL
Holdings
Withdrawn status Lost status Source of classification or shelving scheme Damaged status Not for loan Home library Current library Date acquired Coded location qualifier Cost, normal purchase price Total Checkouts Full call number Barcode Date last seen Copy number Cost, replacement price Price effective from Koha item type
    Dewey Decimal Classification     Patel Nagar Patel Nagar 08/08/2018 BPPD/PUB 550.00   025.4 b-220072 08/08/2018 1 550.00 08/08/2018 English Books

© Delhi Public Library
Hit Counter
free hit counter